Solutions of Partial Differential Equations (Record no. 275074)
[ view plain ]
| 000 -LEADER | |
|---|---|
| fixed length control field | 00310 a2200121 4500 |
| 001 - CONTROL NUMBER | |
| control field | 40001 |
| 082 ## - DEWEY DECIMAL CLASSIFICATION NUMBER | |
| Classification number | 515.353 DUF |
| 090 ## - LOCALLY ASSIGNED LC-TYPE CALL NUMBER (OCLC); LOCAL CALL NUMBER (RLIN) | |
| -- | 24989 |
| -- | 24989 |
| 100 ## - MAIN ENTRY--PERSONAL NAME | |
| Personal name | Duffy Dean G |
| 245 ## - TITLE STATEMENT | |
| Title | Solutions of Partial Differential Equations |
| Medium | English |
| 260 ## - PUBLICATION, DISTRIBUTION, ETC. | |
| Place of publication, distribution, etc. | New Dehli |
| Name of publisher, distributor, etc. | C B S Publishers |
| Date of publication, distribution, etc. | 1986 |
| 300 ## - PHYSICAL DESCRIPTION | |
| Extent | 542p |
| 942 ## - ADDED ENTRY ELEMENTS (KOHA) | |
| Institution code [OBSOLETE] | NUST-CAE |
| Call number prefix | 515.353 DUF |
| Withdrawn status | Lost status | Damaged status | Not for loan | Collection code | Permanent Location | Current Location | Date acquired | Total Checkouts | Full call number | Barcode | Date last seen | Price effective from | Koha item type |
|---|---|---|---|---|---|---|---|---|---|---|---|---|---|
| College of Aeronautical Engineering (CAE) | College of Aeronautical Engineering (CAE) | 04/03/2017 | 515.353 DUF | CAE61215 | 04/05/2017 | 04/05/2017 | Book |
